000 00518nam a2200181Ia 4500
003 GCL
008 140319s9999 xx 000 0 eng d
040 _aGCL /
_cGCL
082 0 4 _a005.369
_bB I
100 1 _aBIDGOLI, HOSSEIN
245 1 0 _aINFORMATION SYSTEM LITERACY /
_cBIDGOLI, HOSSEIN
260 _a[S.N] :
_bMACMILIAN PUBLISHING COMPANY ،
_c1993
300 _a317 P
650 0 4 _aELECTRONIC SPREADSHEETS
650 0 4 _aLOTUS 1-2-3 (COMPUTER FILE)
650 0 4 _aBUSINESS, COMPUTER PROGRAMS
942 _2ddc
_cBK
999 _c20968
_d20968